Voos com origem em Cuiabá (CGB) - Statistics

Estatísticas Gerais
  • Esse quiz foi jogado 7 vezes
  • A pontuação média é 16 de 27
Estatísticas das Respostas
Cia aérea Destino % Correto
Azul Goiânia
100%
Azul Porto Velho
100%
Gol Rio de Janeiro-Galeão
100%
Gol, LATAM São Paulo-Congonhas
100%
Azul, Gol, LATAM São Paulo-Guarulhos
100%
Azul Belo Horizonte-Confins
86%
Azul, Gol, LATAM Brasília
86%
Azul Campinas
86%
Azul Campo Grande
86%
Azul Curitiba
86%
Azul Salvador
86%
Azul Sinop
86%
Azul Florianópolis
71%
Azul Maceió
57%
Azul Porto Seguro
57%
Azul Conecta Barra do Garças
43%
Azul Ji-Paraná
43%
Azul Vilhena
43%
Azul Conecta Água Boa
29%
Azul Alta Floresta
29%
Azul Chapecó
29%
Azul Foz do Iguaçu
29%
Azul São José do Rio Preto
29%
Azul Conecta Aripuanã
14%
Azul Conecta Juína
14%
Azul Cacoal
0%
Azul Conecta São Félix do Araguaia
0%
Nenhum quiz correspondente encontrado
Distribuição das Pontuações
Porcentagem de Pessoas com Cada Pontuação
Percentil de Números Respondidos
Sua Pontuação Histórica
Você não jogou esse quiz